Language Quiz

Random Language or Latin Quiz

Latin A Level General vocab page 4 Quiz Stats

 Plays Quiz not verified by Sporcle

Challenge
Share
Tweet
Embed
Score 0/95 Timer 15:00
0 Plays Today
latin word english word % Correct
circa (adv. & prep.) +accaround
100%
circum + accaround
100%
circumduco, ere, duxi, ductumI lead around
71.4%
circu(m)eo, ire, ii, itumI go around
71.4%
circummitto, ere, misi, missumI send around
71.4%
circumsisto, ere, stitiI stand around
71.4%
circumsto, stare, stetiI stand around
71.4%
civis, is c.citizen
71.4%
circumfundo, ere, fudi, fusumI pour around
66.7%
circumspectoI look around
66.7%
civilis, ecivil
66.7%
clades, is f.disaster
66.7%
clamoI shout
61.9%
cogitoI think
61.9%
conclamoI shout
61.9%
circiterabout
57.1%
circumdo, dare, dedi, datumI surround
57.1%
circumvenio, ire, veni, ventumI surround
57.1%
clamsecretly
57.1%
claudo, ere, clausi, clausumI shut
57.1%
cliens, tis c.client
57.1%
clivus, i m.slope
57.1%
coepi, coepisseI begin
57.1%
cohors, tis f.cohort
57.1%
color, is m. colour
57.1%
citra + acc.on this side of
52.4%
civitas, atis state
52.4%
clarus, a, umbright
52.4%
collis, is m.hill
52.4%
confero, ferre, tuli, collatumI bring together
52.4%
classis, is f.fleet
47.6%
cogo, ere, coegi, coactumI drive together
47.6%
latin word english word % Correct
colligo, ere, legi, lectumI collect
47.6%
collocoI place
47.6%
columba, ae f. dove
47.6%
clamitoI keep shouting
42.9%
clementia, ae f.mercy
42.9%
cogitatio, onis f. reflection
42.9%
cohortorI encourage
42.9%
collum, i .neck
42.9%
coma, ae f.hair
42.9%
comes, itis c.companion
42.9%
compello, ere, puli, pulsumI drive together
42.9%
concordia, ae f.concord
42.9%
colluadoI praise
38.1%
colloquium, i, n.talk
38.1%
colloquor, i, locutusI talk with
38.1%
comis, ecourteous
38.1%
comitia, orum n. pl.elections
38.1%
commendatio, onis f.recommendation
38.1%
commendoI recommend
38.1%
comperio, ire, peri, pertumI find out
38.1%
concurro, ere, curri, cursumI run together
38.1%
condemnoI condemn
38.1%
cognosco, ere, novi, nitumI learn
33.3%
comitatus, us m. company
33.3%
comitorI accompany
33.3%
comparoI prepare
33.3%
complector, i, complexusI embrace
33.3%
compleo, ere, plevi, pletumI fill
33.3%
complexus,us m. embrace
33.3%
complures, aseveral
33.3%
condo, ere, didi, ditumI hide
33.3%
conduco, ere, duxi, ductumI lead together
33.3%
latin word english word % Correct
conficio, ere, feci, fectumI finish
33.3%
confido, ere, fisus +datI trust in
33.3%
commodum, i n.profit
28.6%
commororI delay
28.6%
communioI fortify
28.6%
communis, ecommon
28.6%
compono, ere, posui, positumI put together
28.6%
comprehendo, ere, hendi, hensumI seize
28.6%
concedo, ere, cessi, cessumI retire
28.6%
concido, ere, cidiI fall
28.6%
concitoI rouse
28.6%
concupisco, ere, cupivi, cupitumI desire
28.6%
configo, ere, fixi, fixumI pierce
28.6%
comportoI carry together
23.8%
concursus, us m.gathering
23.8%
condicio, onis fm.condition
23.8%
colo, ere, colui, cultumI till
19%
commemoroI mention
19%
commoveo, ere, movi, motumI move depply
19%
commutoI change
19%
comproboI thoroughly approve
19%
concursoI run this way and that
19%
commodus, a, umconvenient
14.3%
commutatio, onis f.change
14.3%
concilioI unite
14.3%
concresco, ere, crevi, cretumI grow together
14.3%
confertus, a, umclose-packed
14.3%
confestimspeedily, without delay
14.3%
committo, ere, misi, missumI entrust
9.5%
commeatus, us m.supplies
4.8%
comminus (adverb)at close quarters
4.8%

You're not logged in!

Compare scores with friends on all Sporcle quizzes.
Join for Free
OR
Log In

You Might Also Like...

Show Comments

Extras

Created Oct 12, 2011ReportNominate
Tags:Latin Quiz, a-level, English, level, page

Top Quizzes Today


Score Distribution

Your Account Isn't Verified!

In order to create a playlist on Sporcle, you need to verify the email address you used during registration. Go to your Sporcle Settings to finish the process.

Report this User

Report this user for behavior that violates our Community Guidelines.

Details: